000 00405 a2200157 4500
999 _c12772
_d12772
003 OSt
005 20240716163600.0
008 240716b ||||| |||| 00| 0 eng d
020 _a9788409456635
082 _a720.92
100 _aFernando Casqueiro
245 _aMies van der Rohe. The Collective Housing Collection
260 _ba + t architecture publishers
_c2022
300 _a305p;
942 _2ddc